00390nam a2200121Ia 4500008004100000082001500041100003600056245003700092260005700129300000800186630003700194730003700231100122s9999 xx 000 0 und d b63436a824 aदवणे प्रवीण aसावर रे भाग. 3 bनवचैतन्य प्रकाशनc2003 a144 aसावर रे भाग. 3 aसावर रे भाग. 3